[Event "Team Championship of Russia (rapid)"]
[Site "Sochi"]
[Date "2015.05.09"]
[Round "6.15"]
[White "Goryachkina, Aleksandra"]
[Black "Bocharov, Dmitry"]
[Result "1/2-1/2"]
[LiveChessVersion "1.4.4"]
[BlackElo "2553"]
[WhiteElo "2428"]
[BlackTeam "Siberia"]
[WhiteTeam "Yamal"]

1. d4 {[%clk 0:15:17]} g6 {[%clk 0:15:14]} 2. c4 {[%clk 0:15:24]} Bg7
{[%clk 0:15:23]} 3. Nf3 {[%clk 0:15:33]} d6 {[%clk 0:15:23]} 4. e4
{[%clk 0:15:37]} c5 {[%clk 0:15:31]} 5. d5 {[%clk 0:15:44]} e6 {[%clk 0:15:39]}
6. Nc3 {[%clk 0:15:52]} Ne7 {[%clk 0:15:46]} 7. Bf4 {[%clk 0:15:51]} exd5
{[%clk 0:14:38]} 8. cxd5 {[%clk 0:15:42]} a6 {[%clk 0:13:35]} 9. a4
{[%clk 0:15:45]} Bg4 {[%clk 0:13:32]} 10. Be2 {[%clk 0:15:36]} Bxf3
{[%clk 0:13:20]} 11. Bxf3 {[%clk 0:15:44]} Nd7 {[%clk 0:13:24]} 12. Qd2
{[%clk 0:15:28]} Ne5 {[%clk 0:13:01]} 13. Be2 {[%clk 0:15:37]} O-O
{[%clk 0:13:06]} 14. O-O {[%clk 0:15:36]} f5 {[%clk 0:13:09]} 15. Rab1
{[%clk 0:14:42]} Rc8 {[%clk 0:13:00]} 16. Rfe1 {[%clk 0:14:19]} fxe4
{[%clk 0:12:35]} 17. Nxe4 {[%clk 0:14:08]} Nf5 {[%clk 0:12:44]} 18. Ng5
{[%clk 0:13:26]} Nd4 {[%clk 0:12:17]} 19. Ne6 {[%clk 0:11:07]} Nxe6
{[%clk 0:12:17]} 20. dxe6 {[%clk 0:11:15]} Qe7 {[%clk 0:12:26]} 21. Rbc1
{[%clk 0:10:29]} Kh8 {[%clk 0:12:14]} 22. Bg3 {[%clk 0:09:48]} Qxe6
{[%clk 0:10:38]} 23. f4 {[%clk 0:08:59]} Nc6 {[%clk 0:10:22]} 24. Bxa6
{[%clk 0:08:28]} Qb3 {[%clk 0:10:25]} 25. Bc4 {[%clk 0:08:15]} Qxa4
{[%clk 0:06:40]} 26. b3 {[%clk 0:08:04]} Qa5 {[%clk 0:05:56]} 27. Qxd6
{[%clk 0:07:32]} Rcd8 {[%clk 0:05:58]} 28. Qe6 {[%clk 0:07:23]} Nd4
{[%clk 0:06:03]} 29. Qe4 {[%clk 0:05:26]} b5 {[%clk 0:05:44]} 30. Bd5
{[%clk 0:05:30]} Qb6 {[%clk 0:05:02]} 31. Bh4 {[%clk 0:05:00]} Rd7
{[%clk 0:04:24]} 32. Be7 {[%clk 0:04:16]} Rxe7 {[%clk 0:03:36]} 33. Qxe7
{[%clk 0:04:21]} c4 {[%clk 0:03:43]} 34. bxc4 {[%clk 0:03:45]} Ne2+
{[%clk 0:02:41]} 35. Kh1 {[%clk 0:03:44]} Nxc1 {[%clk 0:02:48]} 36. Rxc1
{[%clk 0:01:37]} bxc4 {[%clk 0:02:56]} 37. Bxc4 {[%clk 0:01:24]} Rxf4
{[%clk 0:02:43]} 38. Bf7 {[%clk 0:00:52]} Qb8 {[%clk 0:02:36]} 39. Qe8+
{[%clk 0:00:48]} Qxe8 {[%clk 0:02:43]} 40. Bxe8 {[%clk 0:00:56]} 1/2-1/2

[Event "Team Championship of Russia (rapid)"]
[Site "Sochi"]
[Date "2015.05.09"]
[Round "6.16"]
[White "Maletin, Pavel"]
[Black "Savitskiy, Sergey"]
[Result "1-0"]
[LiveChessVersion "1.4.4"]
[BlackElo "2438"]
[WhiteElo "2540"]
[BlackTeam "Yamal"]
[WhiteTeam "Siberia"]

1. Nf3 {[%clk 0:15:19]} Nf6 {[%clk 0:15:15]} 2. g3 {[%clk 0:15:26]} g6
{[%clk 0:15:24]} 3. b3 {[%clk 0:15:33]} Bg7 {[%clk 0:15:32]} 4. Bb2
{[%clk 0:15:42]} O-O {[%clk 0:15:39]} 5. Bg2 {[%clk 0:15:51]} d6 {[%clk 0:15:44]}
6. d4 {[%clk 0:15:57]} Nbd7 {[%clk 0:15:43]} 7. O-O {[%clk 0:15:59]} e5
{[%clk 0:15:22]} 8. dxe5 {[%clk 0:15:59]} dxe5 {[%clk 0:15:31]} 9. Nxe5
{[%clk 0:14:41]} Nxe5 {[%clk 0:13:44]} 10. Bxe5 {[%clk 0:14:24]} Qe7
{[%clk 0:12:48]} 11. Bb2 {[%clk 0:14:30]} Rd8 {[%clk 0:12:56]} 12. Qe1
{[%clk 0:14:27]} Bg4 {[%clk 0:06:57]} 13. Bxb7 {[%clk 0:13:55]} Rab8
{[%clk 0:07:00]} 14. Bg2 {[%clk 0:13:50]} Qxe2 {[%clk 0:04:58]} 15. Qxe2
{[%clk 0:13:48]} Bxe2 {[%clk 0:05:07]} 16. Re1 {[%clk 0:13:57]} Ba6
{[%clk 0:05:13]} 17. Na3 {[%clk 0:13:53]} Rd2 {[%clk 0:03:56]} 18. Rad1
{[%clk 0:13:38]} Rbd8 {[%clk 0:04:04]} 19. Rxd2 {[%clk 0:13:40]} Rxd2
{[%clk 0:04:13]} 20. Bc1 {[%clk 0:13:18]} Rd7 {[%clk 0:03:53]} 21. Bf3
{[%clk 0:12:26]} h5 {[%clk 0:03:55]} 22. h3 {[%clk 0:11:42]} Bf8 {[%clk 0:03:18]}
23. Nc4 {[%clk 0:11:08]} Bxc4 {[%clk 0:03:01]} 24. bxc4 {[%clk 0:11:17]} Bb4
{[%clk 0:02:51]} 25. Rd1 {[%clk 0:11:26]} Rxd1+ {[%clk 0:02:53]} 26. Bxd1
{[%clk 0:11:35]} Ne4 {[%clk 0:02:10]} 27. Bf3 {[%clk 0:11:20]} Nc3
{[%clk 0:02:19]} 28. a3 {[%clk 0:11:20]} Bc5 {[%clk 0:02:29]} 29. Kf1
{[%clk 0:11:00]} Nb1 {[%clk 0:02:29]} 30. a4 {[%clk 0:11:03]} Na3
{[%clk 0:02:38]} 31. Bf4 {[%clk 0:10:46]} Bb6 {[%clk 0:01:43]} 32. c5
{[%clk 0:09:26]} Bxc5 {[%clk 0:01:50]} 33. c3 {[%clk 0:09:34]} Nb1
{[%clk 0:01:18]} 34. Bxc7 {[%clk 0:08:27]} Nxc3 {[%clk 0:01:27]} 35. a5
{[%clk 0:08:35]} Nb5 {[%clk 0:01:26]} 36. Bf4 {[%clk 0:08:34]} Nd4
{[%clk 0:01:21]} 37. Bd5 {[%clk 0:08:39]} Kf8 {[%clk 0:00:42]} 38. a6
{[%clk 0:08:27]} f6 {[%clk 0:00:47]} 39. h4 {[%clk 0:08:24]} Ke7 {[%clk 0:00:55]}
40. Bb8 {[%clk 0:08:23]} g5 {[%clk 0:00:56]} 41. hxg5 {[%clk 0:07:41]} fxg5
{[%clk 0:01:05]} 42. Kg2 {[%clk 0:07:49]} Kf6 {[%clk 0:00:58]} 43. Bc7
{[%clk 0:07:39]} Ne6 {[%clk 0:00:38]} 44. Ba5 {[%clk 0:07:35]} h4
{[%clk 0:00:32]} 45. Bb7 {[%clk 0:07:04]} hxg3 {[%clk 0:00:37]} 46. Kxg3
{[%clk 0:06:58]} Kf5 {[%clk 0:00:35]} 47. Bc8 {[%clk 0:07:03]} Bd6+
{[%clk 0:00:43]} 48. Kg2 {[%clk 0:07:11]} Kf6 {[%clk 0:00:39]} 49. Kf3
{[%clk 0:07:12]} Nc5 {[%clk 0:00:40]} 50. Bc3+ {[%clk 0:07:05]} Be5
{[%clk 0:00:43]} 51. Ba5 {[%clk 0:07:08]} Bd6 {[%clk 0:00:38]} 52. Bb6
{[%clk 0:06:58]} Nxa6 {[%clk 0:00:21]} 53. Bd4+ {[%clk 0:06:58]} Be5
{[%clk 0:00:14]} 54. Bxe5+ {[%clk 0:07:06]} Kxe5 {[%clk 0:00:24]} 55. Bxa6
{[%clk 0:07:15]} Kf5 {[%clk 0:00:32]} 56. Kg3 {[%clk 0:07:20]} Kf6
{[%clk 0:00:31]} 57. f3 {[%clk 0:06:34]} Kf5 {[%clk 0:00:34]} 58. Bc8+
{[%clk 0:06:11]} Kf6 {[%clk 0:00:30]} 59. Kf2 {[%clk 0:06:12]} Ke5
{[%clk 0:00:18]} 60. Ke3 {[%clk 0:06:16]} Kd5 {[%clk 0:00:23]} 61. Ke4+ 1-0

[Event "Team Championship of Russia (rapid)"]
[Site "Sochi"]
[Date "2015.05.09"]
[Round "6.17"]
[White "Chigaev, Maksim"]
[Black "Alekseev, Evgeny"]
[Result "0-1"]
[LiveChessVersion "1.4.4"]
[BlackElo "2801"]
[WhiteElo "2562"]
[BlackTeam "University"]

1. f4 {[%clk 0:15:10]} d5 {[%clk 0:15:12]} 2. Nf3 {[%clk 0:15:18]} g6
{[%clk 0:14:59]} 3. g3 {[%clk 0:15:26]} Bg7 {[%clk 0:15:07]} 4. Bg2
{[%clk 0:15:34]} Nf6 {[%clk 0:15:08]} 5. O-O {[%clk 0:15:40]} O-O
{[%clk 0:15:10]} 6. d3 {[%clk 0:15:47]} c5 {[%clk 0:15:08]} 7. Qe1
{[%clk 0:15:55]} d4 {[%clk 0:14:55]} 8. Na3 {[%clk 0:16:03]} Nc6 {[%clk 0:14:46]}
9. c3 {[%clk 0:15:58]} Be6 {[%clk 0:14:03]} 10. h3 {[%clk 0:15:32]} Qd7
{[%clk 0:13:40]} 11. g4 {[%clk 0:15:13]} h5 {[%clk 0:13:02]} 12. f5
{[%clk 0:14:24]} gxf5 {[%clk 0:13:07]} 13. gxh5 {[%clk 0:14:21]} Nd5
{[%clk 0:11:57]} 14. Bd2 {[%clk 0:12:50]} Kh8 {[%clk 0:11:03]} 15. Kh1
{[%clk 0:12:54]} Bf6 {[%clk 0:09:58]} 16. h4 {[%clk 0:12:49]} f4 {[%clk 0:09:34]}
17. Ng5 {[%clk 0:12:44]} Rg8 {[%clk 0:09:30]} 18. c4 {[%clk 0:11:38]} Ne3
{[%clk 0:09:18]} 19. Bxe3 dxe3 {[%clk 0:08:01]} 20. Rxf4 {[%clk 0:11:49]} Bxg5
{[%clk 0:08:07]} 21. hxg5 {[%clk 0:11:41]} Rxg5 {[%clk 0:08:15]} 22. Nc2
{[%clk 0:10:03]} Rag8 {[%clk 0:05:08]} 23. Nxe3 {[%clk 0:10:02]} Nd4
{[%clk 0:05:11]} 24. Qf2 {[%clk 0:09:16]} Qd6 {[%clk 0:04:51]} 25. Rh4
{[%clk 0:08:16]} Qe5 {[%clk 0:04:23]} 26. Rf1 {[%clk 0:06:56]} Nc2
{[%clk 0:03:27]} 27. Nxc2 {[%clk 0:04:41]} Rxg2 {[%clk 0:03:36]} 28. Qe3
{[%clk 0:04:48]} Qxe3 {[%clk 0:03:27]} 29. Nxe3 {[%clk 0:04:56]} Rxe2
{[%clk 0:03:35]} 30. Nd5 {[%clk 0:05:02]} Rxb2 {[%clk 0:02:39]} 31. Nxe7
{[%clk 0:05:04]} Rg5 {[%clk 0:02:44]} 32. Nd5 {[%clk 0:04:08]} Rxd5
{[%clk 0:02:44]} 33. cxd5 {[%clk 0:04:17]} Bxd5+ {[%clk 0:02:53]} 34. Re4
{[%clk 0:04:26]} Kg7 {[%clk 0:02:20]} 35. Rf5 {[%clk 0:04:09]} Bxe4+
{[%clk 0:02:28]} 36. dxe4 {[%clk 0:04:18]} b6 {[%clk 0:02:33]} 37. h6+
{[%clk 0:04:17]} Kxh6 {[%clk 0:02:34]} 38. Rxf7 {[%clk 0:04:26]} Rxa2
{[%clk 0:02:39]} 39. e5 {[%clk 0:04:35]} Kg6 {[%clk 0:02:36]} 40. e6
{[%clk 0:04:45]} Re2 {[%clk 0:02:39]} 41. Rxa7 {[%clk 0:04:53]} Rxe6
{[%clk 0:02:48]} 42. Kg2 {[%clk 0:05:01]} Kf5 {[%clk 0:02:52]} 43. Kf3
{[%clk 0:05:10]} Ke5 {[%clk 0:02:46]} 44. Ke3 {[%clk 0:05:19]} Kd5+
{[%clk 0:02:53]} 45. Kd3 {[%clk 0:05:28]} c4+ {[%clk 0:02:42]} 46. Kc3
{[%clk 0:05:37]} Re3+ {[%clk 0:02:49]} 47. Kd2 {[%clk 0:05:41]} Rd3+
{[%clk 0:02:53]} 48. Kc2 {[%clk 0:05:51]} Kc5 {[%clk 0:02:54]} 49. Rh7
{[%clk 0:05:54]} Kb4 {[%clk 0:02:58]} 50. Rh1 {[%clk 0:06:03]} b5
{[%clk 0:03:03]} 51. Rb1+ {[%clk 0:06:12]} Kc5 {[%clk 0:03:12]} 52. Rh1
{[%clk 0:06:21]} Rg3 {[%clk 0:03:19]} 53. Kb2 {[%clk 0:06:23]} Rg2+
{[%clk 0:03:21]} 54. Kc1 {[%clk 0:06:31]} Kb4 {[%clk 0:03:26]} 55. Rh5
{[%clk 0:06:31]} c3 {[%clk 0:03:29]} 56. Kb1 {[%clk 0:06:37]} Kc4
{[%clk 0:03:34]} 57. Ka1 {[%clk 0:03:42]} Rg1+ {[%clk 0:03:05]} 58. Ka2
{[%clk 0:03:51]} c2 {[%clk 0:03:02]} 59. Rh3 {[%clk 0:03:58]} Kd5
{[%clk 0:02:39]} 60. Rh5+ {[%clk 0:04:02]} Ke6 {[%clk 0:02:39]} 61. Rh6+
{[%clk 0:04:06]} Kf7 {[%clk 0:02:44]} 62. Rh7+ {[%clk 0:04:14]} Kg6
{[%clk 0:02:49]} 0-1

[Event "Team Championship of Russia (rapid)"]
[Site "Sochi"]
[Date "2015.05.09"]
[Round "6.18"]
[White "Landa, Konstantin"]
[Black "Levin, Evgeny A."]
[Result "1-0"]
[LiveChessVersion "1.4.4"]
[BlackElo "2609"]
[WhiteElo "2608"]
[WhiteTeam "University"]

1. d4 {[%clk 0:15:18]} Nf6 {[%clk 0:15:19]} 2. c4 {[%clk 0:15:24]} e6
{[%clk 0:15:23]} 3. Nc3 {[%clk 0:15:25]} Bb4 {[%clk 0:15:30]} 4. e3
{[%clk 0:15:34]} c5 {[%clk 0:15:30]} 5. Bd3 {[%clk 0:15:26]} d5 {[%clk 0:15:12]}
6. Nf3 {[%clk 0:15:19]} O-O {[%clk 0:15:18]} 7. O-O {[%clk 0:15:28]} cxd4
{[%clk 0:15:06]} 8. exd4 {[%clk 0:15:33]} dxc4 {[%clk 0:15:12]} 9. Bxc4
{[%clk 0:15:41]} b6 {[%clk 0:15:17]} 10. Qe2 {[%clk 0:13:10]} Bb7
{[%clk 0:15:19]} 11. Rd1 {[%clk 0:13:17]} Bxc3 {[%clk 0:13:39]} 12. bxc3
{[%clk 0:13:26]} Nbd7 {[%clk 0:13:45]} 13. Bd3 {[%clk 0:13:03]} Qc7
{[%clk 0:13:29]} 14. c4 {[%clk 0:12:22]} Rfe8 {[%clk 0:13:37]} 15. Bb2
{[%clk 0:12:07]} Rac8 {[%clk 0:11:30]} 16. Rac1 {[%clk 0:11:01]} Qf4
{[%clk 0:10:33]} 17. Qe3 {[%clk 0:10:45]} Qxe3 {[%clk 0:09:49]} 18. fxe3
{[%clk 0:10:54]} Ne4 {[%clk 0:09:52]} 19. a4 {[%clk 0:08:48]} a5 {[%clk 0:09:49]}
20. Nd2 {[%clk 0:07:00]} Nxd2 {[%clk 0:09:16]} 21. Rxd2 {[%clk 0:07:09]} f5
{[%clk 0:08:34]} 22. Ba3 {[%clk 0:07:08]} Ba6 {[%clk 0:06:41]} 23. c5
{[%clk 0:06:05]} Bxd3 {[%clk 0:06:42]} 24. Rxd3 {[%clk 0:06:14]} Nf6
{[%clk 0:04:47]} 25. cxb6 {[%clk 0:03:14]} Rxc1+ {[%clk 0:05:06]} 26. Bxc1
{[%clk 0:03:23]} Rb8 {[%clk 0:04:58]} 27. Rb3 {[%clk 0:03:29]} Nd5
{[%clk 0:05:07]} 28. b7 {[%clk 0:03:33]} Nb4 {[%clk 0:05:14]} 29. Bd2
{[%clk 0:03:32]} Rxb7 {[%clk 0:05:23]} 30. Kf2 {[%clk 0:03:23]} Kf7
{[%clk 0:05:20]} 31. Ke2 {[%clk 0:02:57]} Ke7 {[%clk 0:03:00]} 32. Bxb4+
{[%clk 0:03:05]} axb4 {[%clk 0:03:09]} 33. Kd3 {[%clk 0:03:15]} Kd6
{[%clk 0:03:17]} 34. Kc4 {[%clk 0:03:23]} Rc7+ {[%clk 0:03:25]} 35. Kb5
{[%clk 0:02:58]} Rc2 {[%clk 0:02:45]} 36. g3 {[%clk 0:01:29]} Rxh2
{[%clk 0:02:48]} 37. Kb6 {[%clk 0:00:56]} Kd5 {[%clk 0:02:20]} 38. Rxb4
{[%clk 0:01:00]} Ke4 {[%clk 0:02:22]} 39. a5 {[%clk 0:00:42]} Kxe3
{[%clk 0:01:17]} 40. a6 {[%clk 0:00:48]} Ra2 {[%clk 0:01:21]} 41. Rb5
{[%clk 0:00:21]} g5 {[%clk 0:00:46]} 42. Ra5 {[%clk 0:00:20]} Rb2+
{[%clk 0:00:52]} 43. Kc7 {[%clk 0:00:28]} 1-0

[Event "Team Championship of Russia (rapid)"]
[Site "Sochi"]
[Date "2015.05.09"]
[Round "6.19"]
[White "Usmanov, Vasily"]
[Black "Aleksandrov, Aleksej"]
[Result "0-1"]
[LiveChessVersion "1.4.4"]
[BlackElo "2685"]
[WhiteElo "2526"]

1. Nf3 {[%clk 0:15:17]} Nf6 {[%clk 0:15:17]} 2. c4 {[%clk 0:15:22]} e6
{[%clk 0:15:25]} 3. g3 {[%clk 0:15:31]} d5 {[%clk 0:15:30]} 4. Bg2
{[%clk 0:15:38]} dxc4 {[%clk 0:15:38]} 5. Qa4+ {[%clk 0:15:43]} Nbd7
{[%clk 0:15:46]} 6. O-O {[%clk 0:15:50]} a6 {[%clk 0:15:48]} 7. Qxc4
{[%clk 0:15:57]} b5 {[%clk 0:15:56]} 8. Qc6 {[%clk 0:15:52]} Rb8 {[%clk 0:15:54]}
9. d3 {[%clk 0:15:57]} Bb7 {[%clk 0:15:52]} 10. Qc2 {[%clk 0:16:05]} c5
{[%clk 0:15:54]} 11. a4 {[%clk 0:16:13]} Nd5 {[%clk 0:15:57]} 12. Nc3
{[%clk 0:15:58]} Nb4 {[%clk 0:14:35]} 13. Qb1 {[%clk 0:15:35]} Qb6
{[%clk 0:13:56]} 14. Bf4 {[%clk 0:15:42]} Rc8 {[%clk 0:14:04]} 15. Rc1
{[%clk 0:15:31]} Be7 {[%clk 0:14:05]} 16. Ne5 {[%clk 0:14:54]} Nxe5
{[%clk 0:13:56]} 17. Bxb7 {[%clk 0:14:56]} Qxb7 {[%clk 0:13:46]} 18. Bxe5
{[%clk 0:15:03]} O-O {[%clk 0:13:15]} 19. Ne4 {[%clk 0:14:49]} Rfd8
{[%clk 0:12:36]} 20. b3 {[%clk 0:12:41]} Nc6 {[%clk 0:12:25]} 21. Bc3
{[%clk 0:12:49]} Qd7 {[%clk 0:12:01]} 22. Qb2 {[%clk 0:11:57]} f6
{[%clk 0:12:07]} 23. axb5 {[%clk 0:09:45]} axb5 {[%clk 0:12:15]} 24. b4
{[%clk 0:09:39]} cxb4 {[%clk 0:12:04]} 25. Be1 {[%clk 0:09:40]} f5
{[%clk 0:10:35]} 26. Nc5 {[%clk 0:09:25]} Qd4 {[%clk 0:10:38]} 27. Qb3
{[%clk 0:05:13]} Bxc5 {[%clk 0:10:45]} 28. Qxe6+ {[%clk 0:05:21]} Kh8
{[%clk 0:10:54]} 29. Qxf5 {[%clk 0:05:28]} Ne7 {[%clk 0:09:58]} 30. Qe6
{[%clk 0:05:15]} Nd5 {[%clk 0:08:57]} 31. e3 {[%clk 0:05:12]} Nxe3
{[%clk 0:08:48]} 32. Ra7 {[%clk 0:03:43]} Ng4 {[%clk 0:08:40]} 33. Rf7
{[%clk 0:03:04]} Re8 {[%clk 0:08:09]} 34. Re7 {[%clk 0:02:39]} Nf6
{[%clk 0:06:51]} 0-1

[Event "Team Championship of Russia (rapid)"]
[Site "Sochi"]
[Date "2015.05.09"]
[Round "6.20"]
[White "Tregubov, Pavel V."]
[Black "Palchun, Grigory"]
[Result "1-0"]
[LiveChessVersion "1.4.4"]
[BlackElo "2330"]
[WhiteElo "2671"]
[WhiteTeam "University"]

1. d4 {[%clk 0:15:19]} Nf6 {[%clk 0:15:17]} 2. c4 {[%clk 0:15:28]} e6
{[%clk 0:15:26]} 3. Nf3 {[%clk 0:15:36]} Bb4+ {[%clk 0:15:34]} 4. Bd2
{[%clk 0:15:44]} Qe7 {[%clk 0:15:43]} 5. e3 {[%clk 0:15:48]} Bxd2+
{[%clk 0:14:21]} 6. Qxd2 {[%clk 0:15:44]} b6 {[%clk 0:14:13]} 7. Nc3 Bb7 8. Bd3
{[%clk 0:15:47]} O-O {[%clk 0:14:28]} 9. O-O {[%clk 0:15:25]} d6 {[%clk 0:14:38]}
10. e4 {[%clk 0:15:29]} Nbd7 {[%clk 0:14:06]} 11. Rfe1 {[%clk 0:15:03]} Rfd8
{[%clk 0:13:33]} 12. Bc2 {[%clk 0:14:57]} c5 {[%clk 0:13:28]} 13. d5
{[%clk 0:15:03]} e5 {[%clk 0:13:00]} 14. a3 {[%clk 0:15:10]} Nh5 {[%clk 0:11:54]}
15. g3 {[%clk 0:15:12]} Nf8 {[%clk 0:11:31]} 16. Nd1 {[%clk 0:14:30]} Bc8
{[%clk 0:11:12]} 17. Ne3 {[%clk 0:14:39]} Qf6 {[%clk 0:11:09]} 18. Qe2
{[%clk 0:13:15]} Ng6 {[%clk 0:09:21]} 19. Nf5 {[%clk 0:12:07]} Ne7
{[%clk 0:06:45]} 20. Nxe5 {[%clk 0:09:52]} Nxf5 {[%clk 0:06:49]} 21. exf5
{[%clk 0:08:16]} Qxe5 {[%clk 0:06:45]} 22. Qxh5 {[%clk 0:08:23]} Qxb2
{[%clk 0:06:51]} 23. Bd3 {[%clk 0:08:14]} Qf6 {[%clk 0:06:28]} 24. g4
{[%clk 0:07:49]} Bd7 {[%clk 0:03:38]} 25. g5 {[%clk 0:03:43]} Qc3
{[%clk 0:03:48]} 26. Rad1 {[%clk 0:02:50]} g6 {[%clk 0:01:12]} 27. Qh6
{[%clk 0:02:57]} Bxf5 {[%clk 0:01:00]} 28. Bxf5 {[%clk 0:03:06]} gxf5
{[%clk 0:01:09]} 29. Re3 {[%clk 0:02:22]} Qg7 {[%clk 0:01:16]} 30. Rde1
{[%clk 0:02:21]} Qxh6 {[%clk 0:00:37]} 31. gxh6 {[%clk 0:02:30]} Kh8
{[%clk 0:00:46]} 32. Kg2 {[%clk 0:02:18]} f4 {[%clk 0:00:39]} 33. Re7
{[%clk 0:02:16]} Rg8+ 34. Kf3 Rg6 {[%clk 0:00:57]} 35. Re8+ {[%clk 0:02:29]} Rxe8
{[%clk 0:00:50]} 36. Rxe8+ {[%clk 0:02:38]} Rg8 {[%clk 0:01:00]} 37. Re7
{[%clk 0:01:49]} Rg6 {[%clk 0:01:09]} 38. Rxf7 {[%clk 0:01:45]} Rxh6
{[%clk 0:01:18]} 39. Rxa7 {[%clk 0:01:45]} Rxh2 {[%clk 0:01:22]} 40. Rd7
{[%clk 0:01:46]} Rh3+ {[%clk 0:00:39]} 41. Kxf4 {[%clk 0:01:54]} Rxa3
{[%clk 0:00:47]} 42. Rxd6 {[%clk 0:02:03]} Ra4 {[%clk 0:00:42]} 43. Rxb6
{[%clk 0:02:10]} Rxc4+ {[%clk 0:00:51]} 44. Ke5 {[%clk 0:02:19]} Kg7
{[%clk 0:00:49]} 45. d6 {[%clk 0:02:22]} Kf7 {[%clk 0:00:25]} 46. Rb7+
{[%clk 0:02:03]} Ke8 {[%clk 0:00:35]} 47. Kd5 {[%clk 0:02:05]} Rd4+
{[%clk 0:00:41]} 48. Kc6 {[%clk 0:02:15]} c4 {[%clk 0:00:15]} 49. Re7+
{[%clk 0:01:48]} Kf8 {[%clk 0:00:19]} 50. Re3 {[%clk 0:01:56]} c3
{[%clk 0:00:14]} 51. Rxc3 {[%clk 0:02:00]} Ke8 {[%clk 0:00:21]} 52. Kc7
{[%clk 0:02:07]} Rd2 {[%clk 0:00:21]} 53. f4 {[%clk 0:02:09]} 1-0

[Event "Team Championship of Russia (rapid)"]
[Site "Sochi"]
[Date "2015.05.09"]
[Round "6.21"]
[White "Panarin, Mikhail"]
[Black "Golubov, Saveliy"]
[Result "0-1"]
[LiveChessVersion "1.4.4"]
[BlackElo "2440"]
[WhiteElo "2642"]
[BlackTeam "SHK Rakita"]

1. e4 {[%clk 0:15:17]} c5 {[%clk 0:15:19]} 2. Nf3 {[%clk 0:15:26]} e6
{[%clk 0:15:28]} 3. d4 {[%clk 0:15:34]} cxd4 {[%clk 0:15:37]} 4. Nxd4
{[%clk 0:15:41]} a6 {[%clk 0:15:45]} 5. Be2 {[%clk 0:15:40]} b5 {[%clk 0:15:48]}
6. O-O {[%clk 0:14:46]} Bb7 {[%clk 0:15:57]} 7. Re1 {[%clk 0:14:04]} d6
{[%clk 0:12:32]} 8. Bh5 {[%clk 0:13:52]} Qd7 {[%clk 0:12:05]} 9. a4
{[%clk 0:13:26]} b4 {[%clk 0:12:05]} 10. Bd2 {[%clk 0:13:11]} Nf6
{[%clk 0:11:05]} 11. Bxb4 {[%clk 0:12:42]} Bxe4 {[%clk 0:10:51]} 12. Nc3
{[%clk 0:09:13]} Bg6 {[%clk 0:10:24]} 13. Bf3 {[%clk 0:07:46]} Ra7
{[%clk 0:10:33]} 14. h4 {[%clk 0:07:01]} h6 {[%clk 0:10:41]} 15. Ba5
{[%clk 0:04:09]} d5 {[%clk 0:08:30]} 16. h5 {[%clk 0:02:37]} Bh7 {[%clk 0:08:39]}
17. Nb3 {[%clk 0:01:08]} Be7 {[%clk 0:06:04]} 18. Bb6 {[%clk 0:01:17]} Rb7
{[%clk 0:06:14]} 19. a5 {[%clk 0:01:27]} Qc6 {[%clk 0:04:15]} 20. Be2
{[%clk 0:00:41]} O-O {[%clk 0:04:11]} 21. Nd4 {[%clk 0:00:18]} Qc8
{[%clk 0:04:07]} 22. Rc1 {[%clk 0:00:15]} e5 {[%clk 0:03:31]} 23. Nf3
{[%clk 0:00:20]} d4 {[%clk 0:03:40]} 24. Na4 {[%clk 0:00:28]} Bd6
{[%clk 0:03:35]} 25. c3 {[%clk 0:00:25]} d3 {[%clk 0:01:30]} 26. Bxd3
{[%clk 0:00:34]} e4 {[%clk 0:01:37]} 27. Bf1 {[%clk 0:00:43]} Bf4
{[%clk 0:01:38]} 28. Nd4 {[%clk 0:00:16]} Bxc1 {[%clk 0:01:29]} 29. Qxc1
{[%clk 0:00:25]} Rd7 {[%clk 0:01:26]} 30. Nc5 {[%clk 0:00:11]} Rd5
{[%clk 0:01:35]} 31. b4 {[%clk 0:00:20]} Rxh5 {[%clk 0:01:37]} 32. Be2
{[%clk 0:00:29]} Rg5 {[%clk 0:01:32]} 33. Qe3 {[%clk 0:00:37]} Nd5
{[%clk 0:01:29]} 34. Qd2 {[%clk 0:00:47]} Rg6 {[%clk 0:01:00]} 35. Ba7
{[%clk 0:00:37]} Nc6 {[%clk 0:00:26]} 36. Nxc6 {[%clk 0:00:33]} Qxc6
{[%clk 0:00:35]} 37. Bc4 {[%clk 0:00:36]} Rg5 {[%clk 0:00:26]} 38. Rd1
{[%clk 0:00:29]} Nxc3 {[%clk 0:00:14]} 39. Qxc3 {[%clk 0:00:00]} e3 40. g3 Qf3
0-1